000 00479nam a2200181Ia 4500
008 240510s9999 xx 000 0 und d
041 _aEng
082 _a519.85
082 _bP65
100 _aMOORE, P.G:HODGES, S.D.
245 0 _aProgramming for optimal decisions : selected readings in mathematical
260 _bMiddesex , Penguin
260 _c1970
300 _a359 p.
650 _aMathematical programming : management problems
942 _2ddc
942 _cLBK
999 _c23492
_d23492
945 _a1
_bMadushi Gamage
_c1
_dMadushi Gamage